ბათუმის შოთა რუსთაველის სახელმწიფო უნივერსიტეტის ბიბლიოთეკა

სოციოლოგია. ნაკვ. 2 / (ბიბ.ჩანაწერი № 58949)

000 -ლიდერი
ფიქსირებული სიგრძის საკონტროლო ველი 01383nam a22002537a 4500
003 - საკონტროლო ნომრის იდენტიფიკატორი
საკონტროლო ველი Ge_BSU
005 - ბოლო ოპერაციის თარიღი და დრო
საკონტროლო ველი 20221024103425.0
008 - ფიქსირებული სიგრძის მონაცემთა ელემენტები - ზოგადი ინფორმაცია
ფიქსირებული სიგრძის საკონტროლო ველი 221024s1998 ge ||||| |||| 00| 0 geo d
020 ## - წიგნის საერთაშორისო სტანდარტული ნომერი
International Standard Book Number 9992856734
041 ## - ენის კოდი
Language code of text/sound track or separate title geo
080 ## - უნივერსალური ათობითი კლასიფიკაციის ინდექსი
Universal Decimal Classification number 316(075.8):37:343 კ-65
100 ## - მთავარი ჩანაწერი - პიროვნების სახელი
Personal name კოდუა, ედუარდ.
9 (RLIN) 985
245 ## - ცნობა სათაურის შესახებ
Title სოციოლოგია. ნაკვ. 2 /
Statement of responsibility, etc ედუარდ კოდუა ; რედაქტორი ნ. ბერძენიშვილი.
264 ## - წარმოების, გამოცემის, დისტრიბუციის და სხვა ცნობები
გამოცემის, წარმოების, დისტრიბუციის... ადგილი თბილისი :
გამოცემის, წარმოების, დისტრიბუციის... სახელწოდება თბილ. უნ-ტის გამ-ბა,
გამოცემის, წარმოების, დისტრიბუციის... თარიღი 1998.
300 ## - ფიზიკური აღწერა
Extent 268 გვ;
Other physical details 20 სმ.
504 ## - BIBLIOGRAPHY, ETC. NOTE
Bibliography, etc ბიბლიოგრაფია: გვ. 258-264.
653 ## - INDEX TERM--UNCONTROLLED
Uncontrolled term სოციალური კონფლიქტის თეორია
653 ## - INDEX TERM--UNCONTROLLED
Uncontrolled term ოჯახის სოციოლოგია
653 ## - INDEX TERM--UNCONTROLLED
Uncontrolled term ქორწინების სოციოლოგია. ხელოვნების სოციოლოგია. პოლიტიკის სოციოლოგია. დანაშაულის სოციოლოგია
653 ## - INDEX TERM--UNCONTROLLED
Uncontrolled term რელიგიის სოციოლოგია.
653 ## - INDEX TERM--UNCONTROLLED
Uncontrolled term განათლების სოციოლოგია.
700 ## - ADDED ENTRY--PERSONAL NAME
Personal name ბერძენიშვილი, ნ.
Relator term რედაქტორი
9 (RLIN) 15463
942 ## - ADDED ENTRY ELEMENTS (KOHA)
Source of classification or shelving scheme
Koha item type წიგნი
ეგზემპლარები
ჩამოწერის სტატუსი დაკარგული ეგზემპლარის სტატუსი კლასიფიკაციის წყარო ან თაროზე გაწყობის სქემა დაზიანების სტატუსი არ გაიცემა მუდმივი მდებარეობა (დაცვის ადგილი) ამჟამინდელი ადგილსამყოფელი თაროზე განთავსების ადგილი შეძენის თარიღი ღირებულება, შესყიდვის ნორმალური ფასი სრული შენახვის შიფრი შტრიხკოდი ბოლო ოპერაციის თარიღი ეგზემპლარის მიმდევრობითი ნომერი (კეტერი?) ფასის ძალაში შესვლის თარიღი ეგზემპლარის სახეობა საჯარო შენიშვნა
          ბათუმის შოთა რუსთაველის სახელმწიფო უნივერსიტეტის მთავარი ბიბლიოთეკა ბათუმის შოთა რუსთაველის სახელმწიფო უნივერსიტეტის მთავარი ბიბლიოთეკა წიგნსაცავი 2022-10-24 5.00 316(075.8):37:343 კ-65 28739 2022-10-24 28739 2022-10-24 წიგნი 5 ლ.